|
|
|
|
| LEADER |
02014nam a2200301 a 4500 |
| 001 |
0017152 |
| 003 |
BD-DhAAL |
| 008 |
090531r2007 enk b 001 0 eng d |
| 010 |
|
|
|a 2003027979
|
| 020 |
|
|
|a 0415290147 (pbk. : alk. paper)
|
| 020 |
|
|
|a 9780415290142
|
| 040 |
|
|
|a DLC
|c DLC
|d DLC
|d BD-DhAAL
|
| 082 |
0 |
0 |
|a 401.41
|2 22
|
| 100 |
1 |
|
|a Mills, Sara,
|d 1954-
|9 54752
|
| 245 |
1 |
0 |
|a Discourse /
|c Sara Mills.
|
| 260 |
|
|
|a London ;
|a New York :
|b Routledge,
|c 2004.
|
| 300 |
|
|
|a vi, 168 p. ;
|c 20 cm
|
| 490 |
1 |
|
|a New critical idiom.
|
| 504 |
|
|
|a Includes bibliographical references (p. [152]-164) and index.
|
| 505 |
0 |
|
|a Cultural theory/critical theory/literary theory -- Mainstream linguistics -- Social psychology/critical linguistics -- Cultural theory and models of discourse -- Michel Foucault and discourse -- Literature as a discourse -- Ideology and truth -- The subject -- Determinants of discourse -- Language, discourse and ideology -- The episteme -- The statement -- The discourse/discourses -- The archive -- Exclusions within discourse -- Circulation of discourses -- Conclusions -- Confessional discourse -- Discourses of femininity and heterosexuality -- Access to discourse -- Discourses in conflict -- Conclusions -- Othering -- Challenging othering -- Psychoanalysis and discourse theory -- Conclusions -- Discourse analysis -- Social psychologists and discourse -- Critical discourse analysis -- Conclusions.
|
| 526 |
|
|
|a ENH
|x Prof. Syed Manzoorul Islam
Faculty Member of BRAC University
|
| 541 |
1 |
|
|e 00017152
|a Friends' Book Corner
|
| 650 |
|
0 |
|a Discourse analysis.
|
| 830 |
|
|
|a New critical idiom
|9 58292
|
| 852 |
4 |
|
|a Ayesha Abed Library
|c General Stacks
|
| 942 |
|
|
|2 ddc
|c BK
|
| 999 |
|
|
|c 1142
|d 1142
|
| 952 |
|
|
|0 0
|1 0
|2 ddc
|4 0
|6 401_410000000000000_MIL_2007
|7 0
|9 1031
|a BRACUL
|b BRACUL
|c GEN
|d 2009-06-24
|e Friends' Book Corner
|g 480.00
|l 5
|m 20
|o 401.41 MIL
|p 3010017152
|r 2025-09-04
|s 2025-07-11
|t 1
|v 960.00
|w 2009-06-24
|y BK
|x Requisitioned by Prof. Syed Manzoorul Islam (Faculty Member of BRAC University).
|